000 00807nam a2200313Ia 4500
001 22663
005 20240114000649.0
007 ta
008 090325s1962 g b000 u 465 u
040 _aCotton College,Assam
041 _a465
082 _a537
_bM 334 Sw
100 _aMarcus, Mitchell P..
245 0 _aSwitching Circuits for Engineers /
_cMitchell P.Marcus.
_hTextual Documents
250 _a2nd ed. /
260 _aNew Delhi :
_bPrentice-Hall of India(Pvt Ltd) ,
_cC1962.
300 _a337p. ;
_c22cm.
504 _aIndex
653 _aSwitching Circuits
653 _aCircuits-Switching
653 _aG-Physics
653 _aT/G-Physics
942 _2ddc
_cBK
999 _c22645
_d22645